00379nam a2200133 a 4500008004100000050001500041100002200056245004800078260004500126300001400171350000900185650003400194650001700228120416s1978 ||||||||||||||||| || u aGN 493 Moo aMoore, Sally Falk10aLaw as process: an anthropological approach aLondonbRoutledge and Kegan Paulc(1978) avi, 270p. a0.00 aLaw-- Anthropological aspects aANTHROPOLOGY